000 00595nam a2200205 a 4500
005 20240228064141.0
008 140624s2006 mx r 000 0 spa d
020 _a8497950739
035 _aUPN01000198298
049 _aI
050 4 _aPZ78
_bP5.2
100 1 _aPita, Charo
_935715
245 1 0 _aAlguien de alguna parte /
_cCharo Pita ; il. Carmela Mayor.
260 _aValencia, Esp. :
_bBrosquil,
_c[2006?]
300 _a[29] p. :
_bil. col.
650 4 _aLiteratura infantil española
_95892
650 4 _aLibros y lectura para niños
_92290
905 _aInfantil
999 _c170399
_d170399